| 000 | 00611nam a2200181 4500 | ||
|---|---|---|---|
| 999 |
_c171097 _d171097 |
||
| 005 | 20200108132022.0 | ||
| 010 | _aENG-127274 | ||
| 020 |
_a9789382823889 _c750.00 |
||
| 035 | _aEN-110806 | ||
| 037 | _bDBAD/PUB | ||
| 082 | _a343.087 | ||
| 100 | _aKoul,Autar krishen | ||
| 245 |
_aGuide to WTO and GATT / _cby Autar Krishen Koul _bEconomics, Law and Politics |
||
| 260 |
_aNew Delhi _bSatyam Law International _c2018 |
||
| 270 |
_aSatish Upadhyay, Satyam law International 2/13, Ansari Road Daryaganj _bNew Delhi _e110002 |
||
| 300 |
_aXXVI,678 _c24cm(PBK) |
||
| 942 |
_2ddc _cEN _h343.087 _mKOU |
||